MINING MACHINERY- II (Record no. 7986)

MARC details
000 -LEADER
fixed length control field 00397nam a22001697a 4500
005 - DATE AND TIME OF LATEST TRANSACTION
control field 20220226132641.0
008 - FIXED-LENGTH DATA ELEMENTS--GENERAL INFORMATION
fixed length control field 220225b ||||| |||| 00| 0 eng d
041 ## - LANGUAGE CODE
Language code of text/sound track or separate title eng
082 ## - DEWEY DECIMAL CLASSIFICATION NUMBER
Classification number 622.076
100 ## - MAIN ENTRY--AUTHOR NAME
Personal name SWAMY, M KUMARA
245 ## - TITLE STATEMENT
Title MINING MACHINERY- II
250 ## - EDITION STATEMENT
Edition statement 3RD, ED.
260 ## - PUBLICATION, DISTRIBUTION, ETC. (IMPRINT)
Place of publication HYDERABAD
Name of publisher PLANET BOOK HOUSE
300 ## - PHYSICAL DESCRIPTION
Number of Pages 5.19;p
650 ## - SUBJECT ADDED ENTRY--TOPICAL TERM
Topical Term PHARMACY
942 ## - ADDED ENTRY ELEMENTS (KOHA)
Koha item type Books
Holdings
Lost status Damaged status Collection code Home library Current library Shelving location Date acquired Source of acquisition Cost, normal purchase price Full call number Accession Number Koha item type
    MINING JRU Library JRU Library SHELF-59-C 25/02/2022 PURCHASE 120.00 622.076 26601 Books
    MINING JRU Library JRU Library SHELF-94-C 25/02/2022 PURCHASE 120.00 622.076 26602 Books
    MINING JRU Library JRU Library SHELF-94-C 25/02/2022 PURCHASE 120.00 622.076 26603 Books